'N'-Less Presidents Quiz Stats

 Plays Quiz Updated Jan 20, 2017

Challenge
Share
Tweet
Embed
Score 0/21 Timer 02:00
5 Plays Today
% Correct
George W. Bush
96.6%
George H. W. Bush
96.6%
Barack Obama
94.9%
John Adams
90%
John Quincy Adams
89.9%
Theodore Roosevelt
87.2%
Franklin D. Roosevelt
87%
Donald Trump
85.7%
Jimmy Carter
79.5%
Gerald Ford
77.5%
William Taft
71.4%
% Correct
James K. Polk
70.3%
Herbert Hoover
68.5%
Calvin Coolidge
60.6%
John Tyler
59.5%
Zachary Taylor
57.1%
James Garfield
54.2%
Franklin Pierce
52.4%
Millard Fillmore
46.8%
Chester A. Arthur
46.4%
Rutherford B. Hayes
44.1%

You're not logged in!

Compare scores with friends on all Sporcle quizzes.
OR
Log In

You Might Also Like...

Show Comments

Extras

Top Quizzes Today


Score Distribution

Your Account Isn't Verified!

In order to create a playlist on Sporcle, you need to verify the email address you used during registration. Go to your Sporcle Settings to finish the process.

Report this User

Report this user for behavior that violates our Community Guidelines.

Details: